Cleveland Browns Head Coaches - Statistics

General Stats
  • This quiz has been taken 70 times
  • The average score is 10 of 22
Answer Stats
Era Hint Answer % Correct
Cleveland Browns 2020-present Kevin Stefanski
87%
Cleveland Browns 1946-1962 Paul Brown
87%
Cleveland Browns 1991-1995 Bill Belichick
84%
Cleveland Browns 2016-2018 Hue Jackson
79%
Cleveland Browns 2019 Freddie Kitchens
68%
Cleveland Browns 1984-1988 Marty Schottenheimer
56%
Cleveland Browns 2001-2004 Butch Davis
48%
Cleveland Browns 2009-2010 Eric Mangini
45%
Cleveland Browns 2018* Gregg Williams
45%
Cleveland Browns 2014-2015 Mike Pettine
45%
Cleveland Browns 2005-2008 Romeo Crennel
45%
Cleveland Browns 1989-1990 Bud Carson
42%
Cleveland Browns 1978-1984 Sam Rutigliano
40%
Cleveland Browns 1999-2000 Chris Palmer
39%
Cleveland Browns 1975-1977 Forrest Gregg
39%
Cleveland Browns 1963-1970 Blanton Collier
32%
Cleveland Browns 2011-2012 Pat Shurmur
32%
Cleveland Browns 2013 Rob Chudzinski
27%
Cleveland Browns 1971-1974 Nick Skorich
23%
Cleveland Browns 2004* Terry Robiskie
19%
Cleveland Browns 1990* Jim Shofner
18%
Cleveland Browns 1977* Dick Modzelewski
15%
No matching quizzes found
Score Distribution
Percent of People with Each Score
Percentile by Number Answered
Your Score History
You have not taken this quiz